000 00423nam a2200157Ia 4500
008 210716s2010 xx 000 0 und d
020 _a9788184894394
041 _aeng
082 _a004.65 COWJ
100 _aCowley, John.
245 _aCommunications and networking: an introduction.
_bAn introduction.
250 _a2
260 _aNew Delhi
_bSpringer
_c2010
300 _axix,251/2015
650 _aComputer Networks
999 _c194567
_d194567